[Event "Nezhmetdinov Cup 2013"]
[Site "Kazan"]
[Date "2013.05.31"]
[Round "1.1"]
[White "Kokarev, Dmitry"]
[Black "Dmitriev, Igor"]
[Result "1/2-1/2"]
[WhiteElo "2639"]
[BlackElo "2289"]
[PlyCount "87"]
[EventDate "2013.??.??"]

1. e4 g6 2. d4 c6 3. Nc3 d5 4. h3 Bg7 5. Nf3 Nf6 6. e5 Ne4 7. Nxe4 dxe4 8. Ng5
f6 9. exf6 exf6 10. Nxe4 Qe7 11. Qe2 O-O 12. Nc5 Qd6 13. c3 b6 14. Nd3 Be6 15.
Bf4 Qd7 16. Qc2 Bd5 17. O-O-O a5 18. Kb1 Na6 19. f3 b5 20. h4 b4 21. c4 Bf7 22.
Nc5 Nxc5 23. dxc5 Qe6 24. Bd3 Rfe8 25. h5 f5 26. hxg6 Bxg6 27. Qa4 Qf6 28. Bc1
Re6 29. Bc2 Qe7 30. a3 Qxc5 31. axb4 Qxb4 32. Qxb4 axb4 33. Rhe1 Rxe1 34. Rxe1
c5 35. Re7 Bd4 36. Bf4 Ra6 37. Bd3 Kf8 38. Rc7 Re6 39. Kc2 Ke8 40. g3 Kd8 41.
Ra7 Be3 42. Ra8+ Kd7 43. Ra7+ Kd8 44. Ra8+ 1/2-1/2

[Event "Nezhmetdinov Cup 2013"]
[Site "Kazan"]
[Date "2013.05.31"]
[Round "1.2"]
[White "Kozionov, Kirill"]
[Black "Azarov, Sergei"]
[Result "0-1"]
[WhiteElo "2272"]
[BlackElo "2629"]
[PlyCount "86"]
[EventDate "2013.??.??"]

1. e4 e5 2. Nf3 Nc6 3. d4 exd4 4. Bc4 Nf6 5. e5 d5 6. Bb5 Ne4 7. Nxd4 Bd7 8.
Bxc6 bxc6 9. O-O Bc5 10. f3 Ng5 11. Be3 O-O 12. Qd2 f6 13. exf6 Qxf6 14. Nc3 h6
15. Nb3 Bd6 16. Nc5 Bf5 17. f4 Nh7 18. Bd4 Qg6 19. Rf3 Bg4 20. Rf2 Nf6 21. Raf1
Bf5 22. Rf3 Qh7 23. R3f2 Rae8 24. b4 Qg6 25. a3 Kh7 26. Nd3 a5 27. Ne5 Qh5 28.
h3 axb4 29. axb4 Bxb4 30. g4 Qxh3 31. Rf3 Ne4 32. Qe1 Bxg4 33. Rxh3 Bxh3 34.
Rf3 c5 35. Rxh3 cxd4 36. Qh4 dxc3 37. Qh5 Re6 38. Nd3 Rg6+ 39. Kh2 Bd6 40. Rf3
Rg5 41. Qh4 Rff5 42. Rh3 c5 43. Kh1 Rh5 0-1

[Event "Nezhmetdinov Cup 2013"]
[Site "Kazan"]
[Date "2013.05.31"]
[Round "1.3"]
[White "Aleksandrov, Aleksej"]
[Black "Sadykov, Ramil"]
[Result "1-0"]
[WhiteElo "2617"]
[BlackElo "2250"]
[PlyCount "61"]
[EventDate "2013.??.??"]

1. d4 d5 2. c4 c6 3. Nf3 Nf6 4. e3 a6 5. Qc2 e6 6. Nc3 c5 7. cxd5 exd5 8. Be2
Nc6 9. O-O cxd4 10. exd4 Be7 11. Bf4 O-O 12. Rad1 Bg4 13. h3 Bh5 14. a3 Rc8 15.
Qb3 Na5 16. Qa2 Nc4 17. g4 Bg6 18. Ne5 Nxa3 19. g5 Nh5 20. Nxd5 Nc2 21. Bh2
Bxg5 22. Bg4 Nf6 23. Bxc8 Nxd5 24. Nxg6 Ncb4 25. Qb3 fxg6 26. Bxb7 Bf4 27. Bxf4
Rxf4 28. Rfe1 Qg5+ 29. Qg3 Qh5 30. Re8+ Kf7 31. Rde1 1-0

[Event "Nezhmetdinov Cup 2013"]
[Site "Kazan"]
[Date "2013.05.31"]
[Round "1.4"]
[White "Ospennikov, Dmitry"]
[Black "Maletin, Pavel"]
[Result "0-1"]
[WhiteElo "2232"]
[BlackElo "2611"]
[PlyCount "70"]
[EventDate "2013.??.??"]

1. e4 c5 2. Nf3 e6 3. d4 cxd4 4. Nxd4 Nc6 5. Nb5 d6 6. c4 Nf6 7. N1c3 a6 8. Na3
b6 9. Be2 Bb7 10. Be3 Be7 11. O-O Nb8 12. f3 Nbd7 13. Rc1 O-O 14. Qd2 Qc7 15.
Rfd1 Rac8 16. Bf1 Qb8 17. Qf2 Bd8 18. Nab1 Bc7 19. g3 Rfe8 20. b4 Ne5 21. Be2
Ba8 22. Nd2 Rcd8 23. Nb3 Ng6 24. a4 h5 25. Rb1 d5 26. exd5 exd5 27. c5 Rxe3 28.
Qxe3 Bxg3 29. hxg3 Qxg3+ 30. Kf1 Ng4 31. Qg1 Nh2+ 32. Qxh2 Qxh2 33. cxb6 d4 34.
Nxd4 Qh1+ 35. Kf2 Qh4+ 0-1

[Event "Nezhmetdinov Cup 2013"]
[Site "Kazan"]
[Date "2013.05.31"]
[Round "1.6"]
[White "Matsenko, Andrei"]
[Black "Durarbayli, Vasif"]
[Result "0-1"]
[WhiteElo "2212"]
[BlackElo "2597"]
[PlyCount "100"]
[EventDate "2013.??.??"]

1. e4 e5 2. Nf3 Nc6 3. Bc4 Bc5 4. c3 Nf6 5. d3 a6 6. Bb3 d5 7. exd5 Nxd5 8. O-O
Bg4 9. h3 Bh5 10. d4 exd4 11. cxd4 Be7 12. Nc3 Nxc3 13. bxc3 O-O 14. Bf4 Bd6
15. Bxd6 cxd6 16. Qd3 Rc8 17. Rfe1 Bg6 18. Qe3 Rc7 19. Nd2 b5 20. Rac1 Qf6 21.
Ne4 Bxe4 22. Qxe4 g6 23. Re3 Nxd4 24. Bd5 Nf5 25. Rd3 Re7 26. Qb4 Rfe8 27. c4
Nd4 28. Rf1 Ne2+ 29. Kh1 Nf4 30. Ra3 bxc4 31. Bxc4 Re4 32. Re3 d5 33. Qb1 Rxe3
34. fxe3 dxc4 35. Rxf4 Qe6 36. Qc2 Rc8 37. Qc3 Qd5 38. Rd4 Qf5 39. Rd1 h5 40.
Kg1 Qe6 41. Rd4 Qf6 42. Kh2 Kg7 43. Kg1 Rc6 44. Kh2 Kh7 45. Kg1 Qe5 46. Kh1 Rb6
47. Qc1 c3 48. Rc4 Rb2 49. Rxc3 Rxa2 50. Qf1 Kg7 0-1

[Event "Nezhmetdinov Cup 2013"]
[Site "Kazan"]
[Date "2013.05.31"]
[Round "1.7"]
[White "Kovalenko, Igor"]
[Black "Sarana, Alexey"]
[Result "1-0"]
[WhiteElo "2596"]
[BlackElo "2209"]
[PlyCount "81"]
[EventDate "2013.??.??"]

1. e4 c5 2. Nf3 d6 3. d4 cxd4 4. Nxd4 Nf6 5. Nc3 a6 6. h3 e5 7. Nb3 h5 8. Bg5
Be6 9. Qf3 Nbd7 10. O-O-O Be7 11. Kb1 b5 12. Nd5 Bxd5 13. exd5 Nb6 14. Na5 Qc7
15. Bxf6 Bxf6 16. Nc6 Na4 17. Re1 O-O 18. g4 e4 19. Rxe4 Rae8 20. c3 Rxe4 21.
Qxe4 Bxc3 22. Bd3 g6 23. Rc1 Nc5 24. Ne7+ Kh7 25. Rxc3 Re8 26. gxh5 Qxe7 27.
hxg6+ Kg7 28. Qd4+ f6 29. Bf5 Qe5 30. Qg4 Qe1+ 31. Rc1 Qxf2 32. Bc2 Re1 33. a3
Rxc1+ 34. Kxc1 Qe1+ 35. Qd1 Qe3+ 36. Kb1 Qxh3 37. Qe1 Qd7 38. Qh4 Kg8 39. Qxf6
a5 40. Bf5 Qg7 41. Be6+ 1-0

[Event "Nezhmetdinov Cup 2013"]
[Site "Kazan"]
[Date "2013.05.31"]
[Round "1.8"]
[White "Vasiljev, Vasily"]
[Black "Fedorov, Alexei"]
[Result "0-1"]
[WhiteElo "2202"]
[BlackElo "2591"]
[PlyCount "62"]
[EventDate "2013.??.??"]

1. e4 c5 2. Nf3 Nc6 3. d4 cxd4 4. Nxd4 Qb6 5. Nb3 Nf6 6. Nc3 e6 7. Bd3 d6 8.
Be3 Qc7 9. f4 a6 10. Qf3 b5 11. O-O-O Nb4 12. Kb1 Bb7 13. Qg3 Rc8 14. Rc1 h5
15. h3 h4 16. Qe1 Qd7 17. Be2 d5 18. e5 Ne4 19. Nxe4 dxe4 20. Bd2 Nd5 21. c4
bxc4 22. Bxc4 Be7 23. Qe2 O-O 24. Na5 e3 25. Bxe3 Nxe3 26. Qxe3 Bxg2 27. f5
Bxh1 28. Rxh1 exf5 29. Rg1 Rfd8 30. e6 Qd2 31. Qa7 Rxc4 0-1

[Event "Nezhmetdinov Cup 2013"]
[Site "?"]
[Date "2013.05.31"]
[Round "1.12"]
[White "Pushkin, Eduard"]
[Black "Shariyazdanov, Andrey"]
[Result "1/2-1/2"]
[WhiteElo "2170"]
[BlackElo "2579"]
[PlyCount "78"]
[EventDate "2013.05.31"]

1. c4 c5 2. Nc3 g6 3. g3 Bg7 4. Bg2 Nc6 5. e3 e5 6. Nge2 Nge7 7. a3 O-O 8. O-O
d6 9. d3 Bg4 10. h3 Be6 11. Nd5 Qd7 12. Kh2 f5 13. Rb1 Rad8 14. b3 h6 15. Bd2
g5 16. f4 Ng6 17. b4 b6 18. b5 Nce7 19. Nec3 exf4 20. exf4 gxf4 21. gxf4 Kh7
22. Nxe7 Nxe7 23. Nd5 Nxd5 24. Bxd5 Bxd5 25. cxd5 Rde8 26. a4 c4 27. dxc4 Re4
28. Rc1 Rfe8 29. Rf2 Qf7 30. Rg2 Bd4 31. Rc2 Be3 32. Bxe3 Rxe3 33. Rce2 Qh5 34.
Rxe3 Qxd1 35. Rxe8 Qf3 36. Re7+ Kh8 37. Re8+ Kh7 38. Re7+ Kh8 39. Re8+ Kh7
1/2-1/2

[Event "Nezhmetdinov Cup 2013"]
[Site "?"]
[Date "2013.05.31"]
[Round "1.13"]
[White "Kryakvin, Dmitry"]
[Black "Shaydullina, Sandugach"]
[Result "1-0"]
[WhiteElo "2576"]
[BlackElo "2160"]
[PlyCount "69"]
[EventDate "2013.05.31"]

1. e4 c5 2. Nf3 Nc6 3. d4 cxd4 4. Nxd4 e5 5. Nb5 a6 6. Nd6+ Bxd6 7. Qxd6 Qf6 8.
Qd2 Nge7 9. c4 Qg6 10. f3 Nd4 11. b3 O-O 12. Bb2 Nec6 13. Bd3 d6 14. O-O f5 15.
Nc3 fxe4 16. Bxe4 Bf5 17. Kh1 Rac8 18. Rac1 Kh8 19. Ba3 b5 20. Bxf5 Rxf5 21.
Ne4 Rd8 22. Rf2 bxc4 23. bxc4 h6 24. Qd3 Rf7 25. Rb1 a5 26. h3 Rfd7 27. Rb6 d5
28. cxd5 Nb4 29. Qxd4 Qf5 30. Qc4 Nxd5 31. Rd6 Ne3 32. Qe2 Nd5 33. Rxd7 Rxd7
34. Bc1 Nb4 35. Rf1 1-0

[Event "Nezhmetdinov Cup 2013"]
[Site "?"]
[Date "2013.05.31"]
[Round "1.15"]
[White "Rychagov, Andrey"]
[Black "Murtazin, Bulat"]
[Result "0-1"]
[WhiteElo "2561"]
[BlackElo "2151"]
[PlyCount "76"]
[EventDate "2013.05.31"]

1. d4 Nf6 2. c4 e6 3. Nc3 Bb4 4. Bg5 h6 5. Bh4 c5 6. d5 Bxc3+ 7. bxc3 e5 8. Qc2
O-O 9. e3 Re8 10. Nf3 d6 11. Nd2 e4 12. Rb1 Qe7 13. Bxf6 Qxf6 14. Nxe4 Qg6 15.
Bd3 Qxg2 16. Ng3 Nd7 17. Be4 Qh3 18. Bf5 Qh4 19. Qe2 b6 20. O-O Nf6 21. f4 Bxf5
22. Nxf5 Qh3 23. Ng3 Re7 24. Rf3 Rae8 25. Kh1 Qd7 26. Rg1 Kf8 27. Qg2 g6 28. f5
g5 29. Qh3 Ng8 30. Nh5 Re4 31. Qg3 R8e5 32. f6 Rxc4 33. Nf4 Rf5 34. Qh3 Ke8 35.
Qf1 b5 36. h4 Nxf6 37. hxg5 hxg5 38. Qh3 gxf4 0-1

[Event "Nezhmetdinov Cup 2013"]
[Site "?"]
[Date "2013.05.31"]
[Round "1.16"]
[White "Safiullin, Rafael"]
[Black "Goganov, Aleksey"]
[Result "0-1"]
[WhiteElo "2149"]
[BlackElo "2552"]
[PlyCount "86"]
[EventDate "2013.05.31"]

1. e4 c5 2. Nf3 e6 3. d4 cxd4 4. Nxd4 Nc6 5. Nxc6 bxc6 6. Bd3 Ne7 7. O-O Ng6 8.
f4 Be7 9. Kh1 O-O 10. Qh5 d5 11. e5 f6 12. exf6 Rxf6 13. Rf3 Nf8 14. Rg3 Bd7
15. b3 Be8 16. Qg4 Ng6 17. Nd2 Rxf4 18. Qxe6+ Bf7 19. Qe3 Bd6 20. Bb2 Rh4 21.
Rh3 Bf4 22. Qf2 Rxh3 23. gxh3 Qh4 24. Rf1 Qxf2 25. Rxf2 Be3 26. Rg2 d4 27. Ne4
Nf4 28. Rg4 Bd5 29. Bxd4 Nxd3 30. Bxe3 Ne5 31. Rh4 Ng6 32. Rg4 Re8 33. Bxa7
Bxe4+ 34. Kg1 Bxc2 35. Bd4 Bf5 36. Rg5 Bxh3 37. a4 Rf8 38. Bf2 Nf4 39. Bc5 Ne2+
40. Kh1 Rf1+ 41. Bg1 h6 42. Rg3 Be6 43. Kg2 Rxg1+ 0-1

[Event "Nezhmetdinov Cup 2013"]
[Site "?"]
[Date "2013.05.31"]
[Round "1.18"]
[White "Yeletsky, Ivan"]
[Black "Gabrielian, Artut"]
[Result "0-1"]
[WhiteElo "2144"]
[BlackElo "2545"]
[PlyCount "52"]
[EventDate "2013.05.31"]

1. e4 c5 2. Nf3 d6 3. d4 cxd4 4. Nxd4 Nf6 5. Nc3 e6 6. g4 h6 7. h4 Nc6 8. Rg1
d5 9. Bb5 Bd7 10. exd5 Nxd5 11. Nxd5 exd5 12. g5 Qe7+ 13. Be2 hxg5 14. Bxg5 f6
15. Nxc6 bxc6 16. Rg3 fxg5 17. Re3 Be6 18. Bg4 Rh6 19. Qe2 Kf7 20. O-O-O Qd7
21. Bxe6+ Rxe6 22. Qh5+ Kg8 23. Qg4 Re7 24. Qxg5 Rxe3 25. fxe3 Qe7 26. Rxd5 Qf7
0-1

[Event "Nezhmetdinov Cup 2013"]
[Site "?"]
[Date "2013.05.31"]
[Round "1.19"]
[White "Zakhartsov, Viacheslav"]
[Black "Ioffe, Dmitry"]
[Result "1-0"]
[WhiteElo "2536"]
[BlackElo "2138"]
[PlyCount "65"]
[EventDate "2013.05.31"]

1. d4 Nf6 2. c4 c5 3. d5 g6 4. Nc3 Bg7 5. e4 O-O 6. Nf3 e6 7. Bd3 exd5 8. cxd5
d6 9. h3 Bd7 10. a4 Na6 11. O-O Nb4 12. Bf4 Qc7 13. Bc4 Rfe8 14. Re1 a6 15. e5
dxe5 16. d6 Qd8 17. Bxf7+ Kxf7 18. Ng5+ Kg8 19. Qb3+ Be6 20. Nxe6 Qxd6 21. Nc7+
Kh8 22. Nxa8 exf4 23. Rxe8+ Nxe8 24. Qf7 Nf6 25. Re1 Nc6 26. Qxb7 Ne5 27. Rd1
Nd3 28. Nb6 c4 29. Nxc4 Qd4 30. Qb6 Qxb6 31. Nxb6 Nxb2 32. Rd8+ Ng8 33. Ncd5
1-0

[Event "Nezhmetdinov Cup 2013"]
[Site "?"]
[Date "2013.05.31"]
[Round "1.20"]
[White "Fakhrutdinov, Timur"]
[Black "Maiorov, Nikita"]
[Result "1/2-1/2"]
[WhiteElo "2128"]
[BlackElo "2535"]
[PlyCount "95"]
[EventDate "2013.05.31"]

1. e4 e5 2. Nf3 Nc6 3. Bc4 d6 4. O-O g6 5. c3 Bg7 6. d4 Qe7 7. dxe5 Nxe5 8.
Nxe5 dxe5 9. b3 Qf6 10. f4 Be6 11. Bxe6 Qxe6 12. f5 Qb6+ 13. Kh1 Nf6 14. Qf3
Qc6 15. Nd2 O-O-O 16. Re1 g5 17. Nc4 g4 18. Qe3 Nxe4 19. Ba3 Nd6 20. Bxd6 cxd6
21. Qxa7 Rhe8 22. Ne3 e4 23. Red1 Qa6 24. Qxa6 bxa6 25. Nxg4 e3 26. f6 Bh8 27.
Re1 e2 28. Rac1 h5 29. Nh6 Bxf6 30. Rc2 d5 31. Nf5 Kb8 32. Kg1 Rc8 33. c4 dxc4
34. bxc4 Rc5 35. Ng3 h4 36. Nxe2 Re4 37. Rf1 Be5 38. Rxf7 Rexc4 39. Rxc4 Rxc4
40. Rf5 Bc7 41. g3 Rc2 42. Kf2 hxg3+ 43. hxg3 Bxg3+ 44. Kxg3 Rxe2 45. Rf2 Re1
46. Kf3 Kb7 47. Re2 Rh1 48. Ke3 1/2-1/2

[Event "Nezhmetdinov Cup 2013"]
[Site "?"]
[Date "2013.05.31"]
[Round "1.21"]
[White "Dvoirys, Semen"]
[Black "Zlachevskiy, Leonid"]
[Result "1-0"]
[WhiteElo "2533"]
[BlackElo "2125"]
[PlyCount "65"]
[EventDate "2013.05.31"]

1. e4 e5 2. Nf3 d6 3. d4 Nf6 4. Nc3 Nbd7 5. a4 a5 6. g3 Be7 7. Bg2 O-O 8. O-O
c6 9. h3 Re8 10. Be3 Bf8 11. Nd2 b6 12. f4 Rb8 13. g4 Ba6 14. g5 Bxf1 15. Nxf1
Nxe4 16. Nxe4 d5 17. Neg3 exd4 18. Bxd4 Bd6 19. Bxg7 Bxf4 20. Bh6 Re6 21. Qg4
Qc7 22. Nh5 Be5 23. Nfg3 Kh8 24. Nf5 Rg8 25. c3 Nf6 26. gxf6 Bxf6 27. Nxf6 Rxg4
28. hxg4 Rxf6 29. Bg7+ Kg8 30. Bxf6 h5 31. Re1 hxg4 32. Re8+ Kh7 33. Nh4 1-0

[Event "Nezhmetdinov Cup 2013"]
[Site "?"]
[Date "2013.05.31"]
[Round "1.22"]
[White "Makarenko, Alexandra"]
[Black "Gabuzyan, Hovhannes"]
[Result "0-1"]
[WhiteElo "2124"]
[BlackElo "2532"]
[PlyCount "74"]
[EventDate "2013.05.31"]

1. e4 c5 2. Nf3 d6 3. d4 cxd4 4. Nxd4 Nf6 5. Nc3 a6 6. Be3 e5 7. Nb3 Be6 8. Qd2
Nbd7 9. O-O-O Be7 10. f4 Rc8 11. Kb1 b5 12. f5 Bc4 13. g4 Nxg4 14. Rg1 Ndf6 15.
h3 Nxe3 16. Qxe3 Bxf1 17. Rdxf1 Qc7 18. Rf2 b4 19. Nd5 Nxd5 20. exd5 Bf6 21.
Qe4 a5 22. Nd2 Qb6 23. Rfg2 Ke7 24. Rd1 Rc7 25. Qf3 a4 26. Ne4 Rb8 27. Rxg7 b3
28. cxb3 axb3 29. axb3 Ra8 30. Rg3 Qa7 31. Nc3 Rxc3 32. bxc3 Qa2+ 33. Kc1 Qxb3
34. Rg2 Ra1+ 35. Kd2 Rxd1+ 36. Qxd1 Qxd5+ 37. Ke1 Bh4+ 0-1

[Event "Nezhmetdinov Cup 2013"]
[Site "?"]
[Date "2013.05.31"]
[Round "1.24"]
[White "Orekhov, Nikolai"]
[Black "Voitsekhovsky, Stanislav"]
[Result "0-1"]
[WhiteElo "2121"]
[BlackElo "2523"]
[PlyCount "48"]
[EventDate "2013.05.31"]

1. d4 Nf6 2. c4 c5 3. d5 b5 4. Nf3 g6 5. Qc2 b4 6. b3 Bg7 7. Bb2 O-O 8. e4 d6
9. Bd3 e5 10. dxe6 fxe6 11. O-O e5 12. Nbd2 Nc6 13. Rfd1 Nh5 14. g3 Qf6 15. Kg2
Bh6 16. Be2 Nd4 17. Bxd4 exd4 18. h3 Bb7 19. Rf1 Rf7 20. Bd3 Raf8 21. Be2 Bxd2
22. Nxd2 Qxf2+ 23. Rxf2 Rxf2+ 24. Kg1 Rxe2 0-1

[Event "Nezhmetdinov Cup 2013"]
[Site "?"]
[Date "2013.05.31"]
[Round "1.26"]
[White "Sadykov, Mars"]
[Black "Rozim, Ivan"]
[Result "0-1"]
[WhiteElo "2113"]
[BlackElo "2482"]
[PlyCount "110"]
[EventDate "2013.05.31"]

1. c4 Nf6 2. Nf3 e6 3. Nc3 b6 4. g3 Bb7 5. Bg2 g6 6. O-O Bg7 7. d4 Ne4 8. Nxe4
Bxe4 9. Bg5 Qc8 10. Qd2 h6 11. Be3 d6 12. Rfd1 Nc6 13. Rac1 Ne7 14. Ne1 Bxg2
15. Nxg2 Nf5 16. f4 Nxe3 17. Nxe3 O-O 18. b3 c5 19. Nc2 Re8 20. e3 cxd4 21.
Nxd4 a6 22. Nc2 Rd8 23. Qg2 Qc5 24. Nd4 Rac8 25. Qe2 e5 26. Nc2 d5 27. fxe5
dxc4 28. Nd4 Qxe5 29. Rxc4 Rxc4 30. bxc4 Re8 31. Kf2 h5 32. Qd3 Bh6 33. Re1 Rd8
34. Rd1 Bf8 35. Qe2 Bc5 36. Nf3 Qxe3+ 37. Qxe3 Bxe3+ 38. Ke2 Re8 39. Rd3 Bc5+
40. Kd2 a5 41. Kc3 Re2 42. Kb3 Rg2 43. Rd2 Rxd2 44. Nxd2 f5 45. Nf3 Kg7 46. Kc3
Kf6 47. Kd3 g5 48. Ke2 g4 49. Ne1 Ke5 50. Nc2 Ke4 51. a4 Bg1 52. Kf1 Bd4 53.
Ke2 Bc5 54. Kd2 Bg1 55. Ke2 Bxh2 0-1

[Event "Nezhmetdinov Cup 2013"]
[Site "?"]
[Date "2013.05.31"]
[Round "1.27"]
[White "Shinkevich, Vitaly"]
[Black "Sazonova, Anastasia"]
[Result "1-0"]
[WhiteElo "2478"]
[BlackElo "2097"]
[PlyCount "111"]
[EventDate "2013.05.31"]

1. d4 Nf6 2. c4 g6 3. Nf3 Bg7 4. Nc3 O-O 5. g3 d6 6. Bg2 c6 7. O-O Qa5 8. h3 e5
9. e4 Nbd7 10. Re1 exd4 11. Nxd4 Ne5 12. Bf1 Re8 13. Be3 c5 14. Nb3 Qb4 15.
Qxd6 Nf3+ 16. Kh1 Nxe1 17. Bxc5 Bf8 18. Qxf8+ Rxf8 19. Bxb4 Nc2 20. Bxf8 Nxa1
21. Be7 Nxb3 22. axb3 Ne8 23. e5 Bd7 24. Bg2 Bc6 25. Nd5 a5 26. Kh2 Ng7 27. Bc5
Ne6 28. Bb6 Kg7 29. f4 Ra6 30. Bg1 b5 31. Be3 h5 32. g4 hxg4 33. hxg4 bxc4 34.
bxc4 Ra8 35. f5 Nd8 36. Bb6 a4 37. Be4 Rb8 38. c5 Nb7 39. f6+ Kh7 40. Kg3 Nd8
41. Nc3 Bxe4 42. Nxe4 Ne6 43. Nd6 Kg8 44. Kf3 Nd4+ 45. Ke4 Nc6 46. g5 Ra8 47.
Nc4 Rc8 48. Kd5 Nb4+ 49. Kd6 Rc6+ 50. Kd7 Re6 51. Bc7 Nd3 52. Bd6 Nxc5+ 53.
Bxc5 Ra6 54. Bb6 Ra8 55. e6 fxe6 56. Ne5 1-0

[Event "Nezhmetdinov Cup 2013"]
[Site "?"]
[Date "2013.05.31"]
[Round "1.28"]
[White "Nevioselaya, Maria"]
[Black "Kharlov, Andrei"]
[Result "0-1"]
[WhiteElo "2088"]
[BlackElo "2474"]
[PlyCount "88"]
[EventDate "2013.05.31"]

1. e4 c5 2. Nf3 Nc6 3. d4 cxd4 4. Nxd4 g6 5. Nc3 Bg7 6. Be3 Nf6 7. Bc4 O-O 8.
Bb3 a5 9. a4 Nb4 10. e5 Ne8 11. f4 d6 12. e6 f5 13. O-O Nc6 14. Ndb5 Bxc3 15.
Nxc3 Ng7 16. Nd5 Bxe6 17. Bb6 Qd7 18. Nc7 Bxb3 19. Nxa8 Bc4 20. Nc7 Bxf1 21.
Qxf1 Rc8 22. Nd5 Nb4 23. Nxb4 axb4 24. Qe2 Nh5 25. Qe3 Rc4 26. Re1 Kf7 27. g3
Nf6 28. b3 Re4 29. Qd2 Rxe1+ 30. Qxe1 Qc6 31. Bd4 Qxc2 32. Qxb4 Ng4 33. h4 Qd1+
34. Kg2 Qe2+ 35. Kg1 Qd1+ 36. Kg2 Qc2+ 37. Kg1 Qb1+ 38. Kg2 Qe4+ 39. Kg1 Ne3
40. Qd2 Qb1+ 41. Kf2 Ng4+ 42. Kg2 Qxb3 43. Bh8 Qc4 44. Qb2 Ne3+ 0-1

[Event "Nezhmetdinov Cup 2013"]
[Site "?"]
[Date "2013.05.31"]
[Round "1.29"]
[White "Gajsin, Evgenij"]
[Black "Dordzhieva, Dinara"]
[Result "1-0"]
[WhiteElo "2457"]
[BlackElo "2079"]
[PlyCount "91"]
[EventDate "2013.05.31"]

1. e4 c5 2. Nf3 d6 3. d4 cxd4 4. Nxd4 Nf6 5. f3 e5 6. Bb5+ Nbd7 7. Nf5 a6 8.
Ba4 b5 9. Bb3 Nc5 10. Ne3 Nxb3 11. axb3 b4 12. c4 Be6 13. Nd2 Be7 14. Ndf1 O-O
15. Ng3 g6 16. O-O h5 17. Nh1 h4 18. Nf2 a5 19. Nfg4 Nh5 20. Nd5 f5 21. Nf2 f4
22. Re1 Rf7 23. h3 Bf8 24. Qd3 Rfa7 25. Bd2 Nf6 26. Red1 Nd7 27. Qc2 Qb8 28.
Be1 a4 29. Rxa4 Rxa4 30. bxa4 b3 31. Qc3 Rxa4 32. Nd3 g5 33. Bf2 Kf7 34. N5b4
Qa8 35. Qxb3 Ra1 36. Nd5 Be7 37. Kh2 Bd8 38. Qc2 Kg6 39. b4 Ra2 40. Qb1 Nf6 41.
Nc3 Rxf2 42. Nxf2 Bxc4 43. Rxd6 Be7 44. Rd2 Nh5 45. Nd5 Bd8 46. Ng4 1-0

[Event "Nezhmetdinov Cup 2013"]
[Site "?"]
[Date "2013.05.31"]
[Round "1.30"]
[White "Kungurov, Andrei"]
[Black "Atalik, Ekaterina"]
[Result "0-1"]
[WhiteElo "2054"]
[BlackElo "2455"]
[PlyCount "70"]
[EventDate "2013.05.31"]

1. e4 e5 2. d4 exd4 3. Nf3 Nc6 4. Bc4 Nf6 5. O-O d6 6. Nxd4 Be7 7. Nc3 O-O 8.
Bf4 Bd7 9. h3 Re8 10. Re1 a6 11. a4 h6 12. g4 Nxd4 13. Qxd4 Bc6 14. Bd5 Nxd5
15. Nxd5 Bh4 16. c4 Qd7 17. b3 h5 18. Qd1 Bxd5 19. cxd5 hxg4 20. hxg4 Bf6 21.
Rc1 Be5 22. Qf3 Bxf4 23. Qxf4 Re5 24. Kg2 Rae8 25. f3 c6 26. dxc6 bxc6 27. Rh1
d5 28. Rc5 f6 29. exd5 cxd5 30. Rhc1 Qd6 31. Qg3 d4 32. Rc7 d3 33. R1c6 Qd4 34.
Qh4 Re2+ 35. Kh3 Qf4 0-1

[Event "Nezhmetdinov Cup 2013"]
[Site "?"]
[Date "2013.05.31"]
[Round "1.31"]
[White "Sharafiev, Azat"]
[Black "Konovalov, Roman"]
[Result "1-0"]
[WhiteElo "2451"]
[BlackElo "2044"]
[PlyCount "66"]
[EventDate "2013.05.31"]

1. d4 Nf6 2. c4 g6 3. Nc3 Bg7 4. e4 d6 5. Be2 O-O 6. Bg5 h6 7. Bf4 Nc6 8. Nf3
Bg4 9. d5 e5 10. Be3 Bxf3 11. Bxf3 Nd4 12. O-O Nd7 13. Bg4 Nc5 14. b4 Nxe4 15.
Nxe4 f5 16. Bxd4 exd4 17. Bf3 fxe4 18. Bxe4 Qf6 19. Qd3 Kh7 20. g3 a5 21. b5
Rae8 22. b6 cxb6 23. Rab1 Re7 24. Rxb6 Rfe8 25. Re1 h5 26. c5 Rxe4 27. Rxe4 Qf5
28. Rxd4 Bxd4 29. Qxd4 dxc5 30. Rxb7+ Kh6 31. Qd2+ g5 32. h4 Re5 33. Qxa5 Rxd5
1-0

[Event "Nezhmetdinov Cup 2013"]
[Site "?"]
[Date "2013.05.31"]
[Round "1.32"]
[White "Rivonenko, Vladislav"]
[Black "Kalegin, Evgenij"]
[Result "0-1"]
[WhiteElo "2026"]
[BlackElo "2447"]
[PlyCount "38"]
[EventDate "2013.05.31"]

1. e4 c5 2. Nf3 e6 3. c3 Nf6 4. e5 Nd5 5. d4 cxd4 6. cxd4 d6 7. Bd3 dxe5 8.
dxe5 Nb4 9. Be4 Qxd1+ 10. Kxd1 Nd7 11. Nc3 Nc5 12. Ke2 Nxe4 13. Nxe4 b6 14. Nd4
Ba6+ 15. Kf3 Nd3 16. Bf4 Bb7 17. Bg3 Nc5 18. Rhe1 f5 19. exf6 gxf6 0-1

[Event "Nezhmetdinov Cup 2013"]
[Site "?"]
[Date "2013.05.31"]
[Round "1.34"]
[White "Ivanov, Vladislav"]
[Black "Pakhomov, Egor"]
[Result "0-1"]
[WhiteElo "2002"]
[BlackElo "2429"]
[PlyCount "156"]
[EventDate "2013.05.31"]

1. e4 c5 2. Nc3 g6 3. d4 cxd4 4. Qxd4 Nf6 5. Bb5 Nc6 6. Bxc6 dxc6 7. Qxd8+ Kxd8
8. Bf4 Bg7 9. O-O-O+ Ke8 10. Be5 Rg8 11. f4 Bh6 12. h3 Nh5 13. Nge2 f6 14. Bc7
Bd7 15. g4 Ng7 16. e5 Rc8 17. exf6 Rxc7 18. fxg7 Bxg7 19. Ne4 Bc8 20. Rd3 Rf8
21. Re3 Bh6 22. Nd6+ Kd8 23. Nxc8 Rxf4 24. Kb1 Rf2 25. Rxe7 Rxe7 26. Nxe7 Rxe2
27. Ng8 Bg7 28. g5 Re5 29. h4 Ke8 30. Kc1 Kf7 31. Nh6+ Bxh6 32. gxh6 Rh5 33.
Rd1 Ke6 34. Re1+ Kd6 35. Rd1+ Kc7 36. Rd4 Rxh6 37. Kd2 Rh5 38. Ke3 a5 39. a4
Rc5 40. c3 Re5+ 41. Kf3 b5 42. Rf4 bxa4 43. Rxa4 Rb5 44. Ra3 Kb6 45. b3 Rd5 46.
c4 Rd4 47. Kg3 Re4 48. Kh3 h5 49. Kg3 Rg4+ 50. Kh3 Rd4 51. Kg3 Re4 52. Kh3 Re3+
53. Kg2 Rc3 54. Kh2 a4 55. Rxa4 Rxb3 56. Kg2 Rd3 57. Ra8 Kc5 58. Rg8 Rd6 59.
Kf3 Kxc4 60. Ke3 c5 61. Ra8 Re6+ 62. Kd2 Re4 63. Ra6 Rg4 64. Kc2 Rg2+ 65. Kc1
Kb4 66. Rb6+ Kc3 67. Kb1 c4 68. Ka1 Rg1+ 69. Ka2 Rg4 70. Kb1 Rxh4 71. Rxg6 Rg4
72. Rh6 h4 73. Ra6 Kd3 74. Rd6+ Rd4 75. Rf6 Ke2 76. Kc2 Rg4 77. Rf5 h3 78. Rh5
Rg3 0-1

[Event "Nezhmetdinov Cup 2013"]
[Site "?"]
[Date "2013.05.31"]
[Round "1.35"]
[White "Yandemirov, Valeri"]
[Black "Khusnutdinova, Alsu"]
[Result "1-0"]
[WhiteElo "2422"]
[BlackElo "2001"]
[PlyCount "81"]
[EventDate "2013.05.31"]

1. e4 e5 2. Nf3 Nc6 3. Bb5 a6 4. Bxc6 dxc6 5. Nc3 f6 6. d4 exd4 7. Nxd4 c5 8.
Nde2 Qxd1+ 9. Nxd1 Bd7 10. Bf4 O-O-O 11. Ne3 Bc6 12. f3 g5 13. Bg3 h5 14. h4
Ne7 15. hxg5 fxg5 16. Be5 Rh6 17. Ng3 Re6 18. Bc3 h4 19. Ne2 Re8 20. O-O-O Ng6
21. Ng1 Nf4 22. Bd2 Rg6 23. Ng4 Bd7 24. Bxf4 Bxg4 25. fxg4 gxf4 26. Rxh4 Be7
27. Rh2 Rxg4 28. Nf3 b6 29. c4 Bf6 30. e5 Bg7 31. Kc2 Rg6 32. Re1 Kd7 33. Kd3
Ke6 34. Ke4 Rf8 35. Rd1 Rh6 36. Rxh6+ Bxh6 37. Rh1 Bg7 38. Ng5+ Ke7 39. Rh7 Rg8
40. Kf5 Ke8 41. Ne6 1-0

[Event "Nezhmetdinov Cup 2013"]
[Site "?"]
[Date "2013.05.31"]
[Round "1.36"]
[White "Askerov, Marat"]
[Black "Isajevsky, Anton"]
[Result "0-1"]
[WhiteElo "1994"]
[BlackElo "2415"]
[PlyCount "84"]
[EventDate "2013.05.31"]

1. d4 Nf6 2. c4 e6 3. g3 d5 4. Nf3 dxc4 5. Bg2 Nc6 6. Bg5 Rb8 7. O-O Be7 8. e3
b5 9. Nfd2 Bb7 10. a4 a6 11. axb5 axb5 12. b3 cxb3 13. Qxb3 Nb4 14. Bxb7 Rxb7
15. Bxf6 gxf6 16. Ne4 O-O 17. Nxf6+ Bxf6 18. Qxb4 Qd6 19. Qxd6 cxd6 20. Nd2 Rc8
21. Rfc1 Rxc1+ 22. Rxc1 b4 23. Nb3 d5 24. Kf1 Be7 25. Ke2 Ra7 26. Ra1 Ra3 27.
Rxa3 bxa3 28. Kd3 Kg7 29. Kc3 Kg6 30. Nc5 Kf5 31. f3 h5 32. Kb3 Bg5 33. f4 Bd8
34. Nb7 Be7 35. Nc5 Kg4 36. Kxa3 Kh3 37. Kb3 Kxh2 38. Kc3 Kxg3 39. Kd3 h4 40.
Ke2 h3 41. Nd3 h2 42. Nf2 Kg2 0-1